Trulia real estate search (Record no. 120729)

MARC details
000 -LEADER
fixed length control field 00694cai a22001815a 4500
001 - CONTROL NUMBER
control field L145866
008 - FIXED-LENGTH DATA ELEMENTS--GENERAL INFORMATION
fixed length control field 081117u xxkabdog 000 0 eng d
035 ## - SYSTEM CONTROL NUMBER
System control number (Sirsi) u145866
041 0# - LANGUAGE CODE
Language code of text/sound track or separate title eng
110 2# - MAIN ENTRY--CORPORATE NAME
Corporate name or jurisdiction name as entry element Trulia
9 (RLIN) 5651
245 00 - TITLE STATEMENT
Title Trulia real estate search
Medium [electronic resource]
520 ## - SUMMARY, ETC.
Summary, etc. Residential real estate search portal for the United States. Also provides access to national statistics, local trends and general opinions and commentary on the North American real estate market.
590 ## - LOCAL NOTE (RLIN)
Local note KA
651 #4 - SUBJECT ADDED ENTRY--GEOGRAPHIC NAME
Geographic name United States
Chronological subdivision 1959-
690 ## - LOCAL SUBJECT ADDED ENTRY--TOPICAL TERM (OCLC, RLIN)
Topical term or geographic name as entry element PROPERTY-PROPERTY AGENCY
856 40 - ELECTRONIC LOCATION AND ACCESS
Uniform Resource Identifier <a href="https://www.trulia.com/">https://www.trulia.com/</a>
Public note View the website free of charge at www.trulia.com...
942 ## - ADDED ENTRY ELEMENTS (KOHA)
Suppress in OPAC 0
Holdings
Withdrawn status Lost status Source of classification or shelving scheme Damaged status Not for loan Home library Current library Shelving location Date acquired Total Checkouts Full call number Barcode Date last seen Copy number Price effective from Koha item type
    Dewey Decimal Classification     Virtual Virtual Online 17/11/2008   ONLINE PUBLICATION 145866-1001 06/08/2019 1 06/08/2019 Online material